|
|
|
|
| LEADER |
00793nab a2200217 i 4500 |
| 001 |
publ29116 |
| 005 |
20231218120547.0 |
| 008 |
231218s2021 hu o 0|| Angol d |
| 022 |
|
|
|a 1855-3966
|
| 024 |
7 |
|
|a 10.26493/1855-3974.2154.cda
|2 doi
|
| 024 |
7 |
|
|a 32287793
|2 mtmt
|
| 040 |
|
|
|a SZTE Publicatio Repozitórium
|b hun
|
| 041 |
|
|
|a Angol
|
| 100 |
1 |
|
|a Korchmáros Gábor
|
| 245 |
1 |
0 |
|a Graphical Frobenius representations of non-abelian groups
|h [elektronikus dokumentum] /
|c Korchmáros Gábor
|
| 260 |
|
|
|c 2021
|
| 300 |
|
|
|a 89-102
|
| 490 |
0 |
|
|a ARS MATHEMATICA CONTEMPORANEA
|v 20 No. 1
|
| 650 |
|
4 |
|a Matematika
|
| 700 |
0 |
1 |
|a Nagy Gábor Péter
|e aut
|
| 856 |
4 |
0 |
|u http://publicatio.bibl.u-szeged.hu/29116/1/KorchmarosNagyGraphicalFrobeniusrepresentationsofnon-abeliangroups2021.pdf
|z Dokumentum-elérés
|